000 00353nam a2200133Ia 4500
008 220204s9999 xx 000 0 und d
082 _a677.494.674
_bPAJ
100 _aPajgrat, Oldrich
245 0 _aProcessing of polyester fibres
260 _aNew York
_bElsevier
_c1979
650 _aPolyester fibres
700 _aReichstadter, Bohumil
942 _cBK
999 _c35406
_d35406